Catálogo de los manuscritos existentes en la Biblioteca Universitaria de Valencia / (Record no. 77125)

MARC details
000 -LEADER
campo de control de longitud fija 01182nam a2200265 i 4500
001 - NÚMERO DE CONTROL
campo de control 77125
003 - IDENTIFICADOR DE NÚMERO DE CONTROL
campo de control ES-MaACL
005 - FECHA Y HORA DE LA ÚLTIMA TRANSACCIÓN
campo de control 20251120142805.0
007 - CAMPO FIJO DE DESCRIPCIÓN FÍSICA--INFORMACIÓN GENERAL
campo de control de longitud fija t|
008 - DATOS DE LONGITUD FIJA--INFORMACIÓN GENERAL
campo de control de longitud fija 041006s1913 sp ||||1| spa d
080 ## - NÚMERO DE LA CLASIFICACIÓN DECIMAL UNIVERSAL
Número de la Clasificación Decimal Universal 016:091
100 1# - ENTRADA PRINCIPAL--NOMBRE DE PERSONA
Nombre de persona Gutiérrez del Caño, Marcelino.
9 (RLIN) 61134
245 10 - MENCIÓN DEL TÍTULO
Título Catálogo de los manuscritos existentes en la Biblioteca Universitaria de Valencia /
Mención de responsabilidad, etc. por el lic. D. Marcelino Gutiérrez del Caño ; prólogo del Excmo. Sr. D. Francisco Rodríguez Marín.
260 ## - PUBLICACIÓN, DISTRIBUCIÓN, ETC.
Lugar de publicación, distribución, etc. Valencia :
Nombre del editor, distribuidor, etc. Librería Maraguat,
Fecha de publicación, distribución, etc. 1913 (
Fabricante Imp. de Antonio López y Cª)
300 ## - DESCRIPCIÓN FÍSICA
Extensión 3 v. ;
Dimensiones 31 cm.
530 ## - NOTA DISPONIBLE DE FORMULARIO FÍSICO ADICIONAL
Nota de formato físico adicional disponible Disponible en formato digital.
650 #4 - PUNTO DE ACCESO ADICIONAL DE MATERIA--TÉRMINO DE MATERIA
Término de materia o nombre geográfico como elemento de entrada Manuscritos-
Subdivisión geográfica Universidad de Valencia. Biblioteca General e Histórica-
Subdivisión de forma Catálogos.
9 (RLIN) 157600
700 1# - ENTRADA AGREGADA--NOMBRE PERSONAL
Nombre de persona Gutiérrez del Caño, Marcelino.
9 (RLIN) 61134
700 1# - ENTRADA AGREGADA--NOMBRE PERSONAL
Nombre de persona Rodríguez Marín, Francisco,
Fechas asociadas al nombre 1855-1943
9 (RLIN) 98634
710 2# - ENTRADA AGREGADA--NOMBRE DE ENTIDAD CORPORATIVA
Nombre de entidad corporativa o nombre de jurisdicción como elemento de entrada Universidad de Valencia.
Unidad subordinada Biblioteca.
9 (RLIN) 157599
852 ## - LOCALIZACIÓN
Ubicación ES-MaACL
Número de control de estantería B-11441-43
Ubicación en estantería Sala Pardo Bazán
Nota libre Revisado enlace: 27 de julio de 2025
856 4# - LOCALIZACIÓN Y ACCESO ELECTRÓNICOS
Identificador Uniforme de Recursos <a href="http://bdh-rd.bne.es/viewer.vm?id=0000134147&page=1 ">http://bdh-rd.bne.es/viewer.vm?id=0000134147&page=1 </a>
Texto de enlace (Biblioteca Digital Hispánica)
942 ## - ELEMENTOS DE ENTRADA SECUNDARIOS (KOHA)
Fuente del sistema de clasificación o colocación Clasificación decimal universal
Holdings
Estatus retirado Estado de pérdida Estado de daño No para préstamo Colección Biblioteca de origen Biblioteca actual Ubicación en estantería Fecha de adquisición Fuente de adquisición Total de préstamos Signatura topográfica completa Código de barras Visto por última vez Precio de reemplazo Tipo de ítem Koha
        Colección digital Biblioteca del Ateneo de Madrid Biblioteca del Ateneo de Madrid Sala Pardo Bazán 17/01/2008     B-11441-43 1080698 23/02/2023 23/02/2023 Libro impreso